000 00429nam a2200145 4500
001 106949
003 ES-MaACL
007 t|
008 061121s1983 sp r ||||1| spa d
100 1 _aMoreno Plaza, Gabriel.
_983424
245 1 0 _aIntroducción a la comunicación social actual /
_cGabriel Moreno Plaza.
260 _aMadrid :
_bPlayor,
_c1983.
300 _a188 p. :
_bil. ;
_c24 cm.
852 _aES-MaACL
_jL-8002
_bR.108081
999 _c106949
_d106949